ბათუმის შოთა რუსთაველის სახელმწიფო უნივერსიტეტის ბიბლიოთეკა

Хрестоматия по истории древнего Востока (ბიბ.ჩანაწერი № 36291)

000 -LEADER
fixed length control field 00981nam a2200217Ia 4500
001 - CONTROL NUMBER
control field 2198
003 - CONTROL NUMBER IDENTIFIER
control field GE_BSU
005 - DATE AND TIME OF LATEST TRANSACTION
control field 20231218104636.0
008 - FIXED-LENGTH DATA ELEMENTS--GENERAL INFORMATION
fixed length control field 181216s1980ru xx |||||||||||||| ||rus||
040 ## - CATALOGING SOURCE
Transcribing agency GE_BSU
041 ## - LANGUAGE CODE
Language code of text/sound track or separate title rus
080 ## - UNIVERSAL DECIMAL CLASSIFICATION NUMBER
Universal Decimal Classification number 94(3)(07) Х-91
245 ## - TITLE STATEMENT
Title Хрестоматия по истории древнего Востока
Remainder of title Часть 1. /
Statement of responsibility, etc. Под ред.М.А.Коростовцева, И.С.Кацнельсона, В.И.Кузыщина.
264 ## - PRODUCTION, PUBLICATION, DISTRIBUTION, MANUFACTURE, AND COPYRIGHT NOTICE
Place of production, publication, distribution, manufacture Москва :
Name of producer, publisher, distributor, manufacturer Высшая школа,
Date of production, publication, distribution, manufacture, or copyright notice 1980.
300 ## - PHYSICAL DESCRIPTION
Extent 324 стр.:
Other physical details 21см.
653 ## - INDEX TERM--UNCONTROLLED
keyword ქრესტომათია ძველი აღმოსავლეთის ისტორიის შესახებ
700 ## - ADDED ENTRY--PERSONAL NAME
Personal name Коростовцева, М.А.
Relator term რედაქტორი
9 (RLIN) 15404
700 ## - ADDED ENTRY--PERSONAL NAME
Personal name Кацнельсона, И.С.
Relator term რედაქტორი
9 (RLIN) 15405
700 ## - ADDED ENTRY--PERSONAL NAME
Personal name Кузыщина, В.И.
Relator term რედაქტორი
9 (RLIN) 15406
942 ## - ADDED ENTRY ELEMENTS (KOHA)
Koha item type წიგნი
Source of classification or shelving scheme
ეგზემპლარები
Withdrawn status Lost status Source of classification or shelving scheme Damaged status Not for loan Permanent Location Current Location Shelving location Date acquired Cost, normal purchase price Full call number Barcode Date last seen Copy number Price effective from Koha item type Public note Uniform Resource Identifier
          ბათუმის შოთა რუსთაველის სახელმწიფო უნივერსიტეტის მთავარი ბიბლიოთეკა ბათუმის შოთა რუსთაველის სახელმწიფო უნივერსიტეტის მთავარი ბიბლიოთეკა წიგნსაცავი 2018-12-17 8.00 94(3)(07) Х-91 4338 2018-12-17 4338 2018-12-17 წიგნი 8.00  
          ბათუმის შოთა რუსთაველის სახელმწიფო უნივერსიტეტის მთავარი ბიბლიოთეკა ბათუმის შოთა რუსთაველის სახელმწიფო უნივერსიტეტის მთავარი ბიბლიოთეკა წიგნსაცავი 2023-12-15 6.00 94(03)(07) Х-91 65553 2023-12-15 65553 2023-12-15 წიგნი 6.00 ბსუ-ს საპატიო დოქტორის გურამ ლორთქიფანიძის საჩუქარი